<?xml version="1.0" encoding="UTF-8"?>
<marc:record xmlns:marc="http://www.loc.gov/MARC21/slim">
   <marc:leader>00000nam a2200000 a 4500</marc:leader>
   <marc:datafield ind1="1" ind2=" " tag="100">
      <marc:subfield code="a">Hula, Kai Aline</marc:subfield>
      <marc:subfield code="4">aut</marc:subfield>
      <marc:subfield code="e">Verfasser/-in</marc:subfield>
   </marc:datafield>
   <marc:datafield ind1=" " ind2=" " tag="653">
      <marc:subfield code="a">ab 7</marc:subfield>
   </marc:datafield>
   <marc:datafield ind1="0" ind2="0" tag="245">
      <marc:subfield code="a">Tarantino traut sich was</marc:subfield>
   </marc:datafield>
   <marc:datafield ind1=" " ind2="1" tag="264">
      <marc:subfield code="b">G &amp; G</marc:subfield>
      <marc:subfield code="c">2022</marc:subfield>
   </marc:datafield>
   <marc:datafield ind1="1" ind2=" " tag="490">
      <marc:subfield code="a">Lesezug</marc:subfield>
   </marc:datafield>
   <marc:datafield ind1="1" ind2=" " tag="520">
      <marc:subfield code="a">Ein Abenteurer auf großen Pfoten! Tarantino ist der König des Dschungels. Bei einem nächtlichen Spaziergang bemerkt er plötzlich, dass irgendwas nicht stimmt. Wer außer ihm schleicht hier noch herum? Tarantino verfolgt die Spur und trifft dabei auf den frechen Vogel Iggi. Trotz anfänglicher Schwierigkeiten entwickeln sie gemeinsam einen Plan und erleben ein Abenteuer, das für die Leser einige Überraschungen bereithält.</marc:subfield>
   </marc:datafield>
   <marc:datafield ind1=" " ind2=" " tag="020">
      <marc:subfield code="a">9783707424522</marc:subfield>
      <marc:subfield code="9">9783707424522</marc:subfield>
   </marc:datafield>
</marc:record>
